000 00458nam a2200181Ia 4500
001 11264
003 IN-NITTTR
005 20251114233105.0
008 251113s9999||||xx |||||||||||||| ||eng||
040 _beng
040 _cIN-NITTTR
041 _aeng
082 _a621.313 W892P
100 _aWorkshop on electric motors,
245 0 _aProceedings. /
_cWorkshop on electric motors, Baroda, Huly24-26, 1978.
260 _aBaroda
_c1978
942 _2ddc
_cBK
999 _c13900
_d13900